Ազդարար. (Record no. 352053)
[ view plain ]
| 000 -LEADER | |
|---|---|
| fixed length control field | 00689nas a2200241 a 4500 |
| 001 - CONTROL NUMBER | |
| control field | 001090031 |
| 003 - CONTROL NUMBER IDENTIFIER | |
| control field | AM-YeHGA |
| 005 - DATE AND TIME OF LATEST TRANSACTION | |
| control field | 20250617151452.0 |
| 008 - FIXED-LENGTH DATA ELEMENTS--GENERAL INFORMATION | |
| fixed length control field | 150630c19279999|||drzp 0 0arm d |
| 040 ## - CATALOGING SOURCE | |
| Original cataloging agency | AM-YeHGA |
| 041 0# - LANGUAGE CODE | |
| Language code of text/sound track or separate title | arm |
| 090 ## - LOCALLY ASSIGNED LC-TYPE CALL NUMBER (OCLC); LOCAL CALL NUMBER (RLIN) | |
| -- | 353867 |
| 222 #0 - KEY TITLE | |
| Key title | Ազդարար |
| 245 00 - TITLE STATEMENT | |
| Title | Ազդարար. |
| 260 ## - PUBLICATION, DISTRIBUTION, ETC. | |
| Place of publication, distribution, etc. | Կ. Պոլիս : |
| Name of publisher, distributor, etc. | Տպ Հովակիմեան, |
| Date of publication, distribution, etc. | 1927-. |
| 300 ## - PHYSICAL DESCRIPTION | |
| Extent | համար. |
| 310 ## - CURRENT PUBLICATION FREQUENCY | |
| Current publication frequency | Ամենօրյա |
| 362 0# - DATES OF PUBLICATION AND/OR SEQUENTIAL DESIGNATION | |
| Dates of publication and/or sequential designation | 1927- |
| 650 04 - SUBJECT ADDED ENTRY--TOPICAL TERM | |
| Topical term or geographic name entry element | Ամսագիր |
| 650 14 - SUBJECT ADDED ENTRY--TOPICAL TERM | |
| Topical term or geographic name entry element | Կուսակցություններ |
| Form subdivision | Պարբերականներ |
| 650 14 - SUBJECT ADDED ENTRY--TOPICAL TERM | |
| Topical term or geographic name entry element | Սփյուռքահայ գաղթօջախներ |
| Topical term following geographic name entry element | Պարբերականներ |
| 942 ## - ADDED ENTRY ELEMENTS (KOHA) | |
| Source of classification or shelving scheme | Universal Decimal Classification |
| Koha item type | Շարունակական պաշար / Continuing Resource |
| Withdrawn status | Lost status | Source of classification or shelving scheme | Damaged status | Not for loan | Collection | Home library | Current library | Date acquired | Serial enumeration / chronology | Total checkouts | Full call number | Barcode | Date last seen | Price effective from | Koha item type | Public note |
|---|---|---|---|---|---|---|---|---|---|---|---|---|---|---|---|---|
| Universal Decimal Classification | Pogharian Individual Collection | Fundamental Scientific Library | Fundamental Scientific Library | 11/01/2017 | 1927, տարի Ա, № 284 | Պող/2264 | FL0345502 | 11/01/2017 | 11/01/2017 | Շարունակական պաշար / Continuing Resource | ILL Non-Circ. | |||||
| Universal Decimal Classification | Pogharian Individual Collection | Fundamental Scientific Library | Fundamental Scientific Library | 11/01/2017 | 1934, տարի Ա, № 9 | Պող/2265 | FL0346486 | 11/01/2017 | 11/01/2017 | Շարունակական պաշար / Continuing Resource | ILL Non-Circ. |
ՀՀ Գիտությունների ազգային ակադեմիայի հիմնարար գիտական գրադարան = Fundamental Scientific Library of NAS RA
All site content, except where otherwise noted, is licensed under a